000
00304nam a22001337a 4500
008
210302b ||||| |||| 00| 0 eng d
020
_a
9780077531249
041
_a
eng
080
_2
9th
_a
070
100
_a
39
101
_a
MED
245
_a
College Writing Skills with Readings
_c
AIE
942
_2
udc
_c
BK
999
_c
55450
_d
55450